ბათუმის შოთა რუსთაველის სახელმწიფო უნივერსიტეტის ბიბლიოთეკა

ხორბლის სეპტორიოზის განვითარების თავისებურებები და მასთან ბრძოლის ხერხები საქართველოს პირობებში / (ბიბ.ჩანაწერი № 51933)

000 -ლიდერი
ფიქსირებული სიგრძის საკონტროლო ველი 01740nam a2200253Ia 4500
001 - საკონტროლო ნომერი
საკონტროლო ველი 18933
003 - საკონტროლო ნომრის იდენტიფიკატორი
საკონტროლო ველი GE_BSU
005 - ბოლო ოპერაციის თარიღი და დრო
საკონტროლო ველი 20210422121149.0
008 - ფიქსირებული სიგრძის მონაცემთა ელემენტები - ზოგადი ინფორმაცია
ფიქსირებული სიგრძის საკონტროლო ველი 181216s2013||||ge |||||||||||||| ||geo||
040 ## - კატალოგიზაციის წყარო
Transcribing agency GE_BSU
041 ## - ენის კოდი
Language code of text/sound track or separate title geo
080 ## - უნივერსალური ათობითი კლასიფიკაციის ინდექსი
Universal Decimal Classification number 63 მ-60
100 ## - მთავარი ჩანაწერი - პიროვნების სახელი
Personal name მეფარიშვილი, სოსო
9 (RLIN) 11518
245 ## - ცნობა სათაურის შესახებ
Title ხორბლის სეპტორიოზის განვითარების თავისებურებები და მასთან ბრძოლის ხერხები საქართველოს პირობებში /
Statement of responsibility, etc სოსო მეფარიშვილი; სამეცნიერო ხელმძღვანელი ა. მურვანიძე, ლ. ბერაძე; ბათუმის შოთა რუსთაველის სახ-ფო უნ-ტი
264 ## - წარმოების, გამოცემის, დისტრიბუციის და სხვა ცნობები
გამოცემის, წარმოების, დისტრიბუციის... ადგილი ბათუმი,
გამოცემის, წარმოების, დისტრიბუციის... თარიღი 2013.
300 ## - ფიზიკური აღწერა
Extent 150 გვ. ;
Other physical details 30 სმ.
653 ## - INDEX TERM--UNCONTROLLED
Uncontrolled term დისერტაცია
653 ## - INDEX TERM--UNCONTROLLED
Uncontrolled term სოფლის მეურნეობა
653 ## - INDEX TERM--UNCONTROLLED
Uncontrolled term ხორბლის სეპტორიოზის განვითარების თავისებურებები და მასთან ბრძოლის ხერხები საქართველოს პირობებში
700 ## - ADDED ENTRY--PERSONAL NAME
Personal name მურვანიძე, ა.
Relator term სამეცნიერო ხელმძღვანელი
9 (RLIN) 1804
700 ## - ADDED ENTRY--PERSONAL NAME
Personal name ბერაძე, ლ.
Relator term სამეცნიერო ხელმძღვანელი
9 (RLIN) 11519
710 ## - ADDED ENTRY--CORPORATE NAME
Corporate name or jurisdiction name as entry element ბათუმის შოთა რუსთაველის სახ-ფო უნ-ტი
9 (RLIN) 11520
942 ## - ADDED ENTRY ELEMENTS (KOHA)
Koha item type წიგნი
Source of classification or shelving scheme
ეგზემპლარები
ჩამოწერის სტატუსი დაკარგული ეგზემპლარის სტატუსი კლასიფიკაციის წყარო ან თაროზე გაწყობის სქემა დაზიანების სტატუსი არ გაიცემა მუდმივი მდებარეობა (დაცვის ადგილი) ამჟამინდელი ადგილსამყოფელი შეძენის თარიღი სრული შენახვის შიფრი შტრიხკოდი ბოლო ოპერაციის თარიღი ეგზემპლარის მიმდევრობითი ნომერი (კეტერი?) ფასის ძალაში შესვლის თარიღი ეგზემპლარის სახეობა
        შიდა ფონდი ბათუმის შოთა რუსთაველის სახელმწიფო უნივერსიტეტის მთავარი ბიბლიოთეკა ბათუმის შოთა რუსთაველის სახელმწიფო უნივერსიტეტის მთავარი ბიბლიოთეკა 2018-12-17 63 მ-60 167 დისერტ. 2018-12-17 167 2018-12-17 დისერტაცია